Wakfu- Flopin - Statistiques

Statistiques générales
  • Ce quiz a été pris 31 fois
    28 depuis la dernière actualisation
  • Le résultat moyen est 13 sur 18
Statistiques - réponses
Questions Réponses % Correct
Quel est le nom du personnage? Flopin
100%
Quel est son âge lors de la saison 3 (actuellement la dernière)? 7 ans
96%
Quelle est sa classe (son « espèce ») Crâ
96%
Sa famille Mère Évangelyne
96%
Père Tristepin
96%
Dans qu’elle série apparaît-il? Wakfu
96%
Sœur jumelle Elely
83%
Armes Positionnée sur son bras Arbalète
79%
Ennemi Saison 3 Oropo
79%
Tante Cléophée
71%
Grand frère Goultard
71%
Adamaï
67%
Frère (nom non définitif étant donné que Evangelyne ne le veut pas) Tristegnon
63%
Épisode Spéciaux Dame Écho
50%
Ush
50%
Aptitudes Comme sa mère Tir précis
42%
Statut Demi-dieu
33%
Comte Harbourg
29%
Aucun quiz correspondant
Distribution des résultats
% des personnes avec chaque résultat
Percentile par nombre de réponses
Votre historique - résultats
Vous n’avez pas pris ce quiz depuis la dernière actualisation